000 00598nam a22002057a 4500
005 20251108164728.0
008 250721s1984 xx 000 0 ara d
082 1 4 _a614.88/حسن
100 1 _aملكاوي، حسن
245 1 0 _aمبادئ الإسعاف الأولي /
264 1 _aعمان :
_bدار عمار،
_c1984.
300 _a300ص : مص
650 1 7 _aالإسعافات الأولية
650 1 7 _aالإنعاش
650 1 7 _aالتسميم
700 1 _aالمعاني، وليد
700 1 _aالتكروري، محمد سعيد
942 _2ddc
_cBK
999 _c12907
_d12907